San Agustín de Hipona: teoría y arte pedagógicas, una introducción y tres módulos de aprendizaje para alumnos de carreras de Pedagogía.

সংরক্ষণ করুন:
গ্রন্থ-পঞ্জীর বিবরন
প্রধান লেখক: Valenzuela Fuenzalida, Alvaro
বিন্যাস: গ্রন্থ
ভাষা:স্প্যানিশ
প্রকাশিত: Valparaíso, Chile Universitarias de Valparaíso 1983
সংস্করন:Primera edición
মালা:Cuadernos U.C.V
বিষয়গুলি:
ট্যাগগুলো: ট্যাগ যুক্ত করুন
কোনো ট্যাগ নেই, প্রথমজন হিসাবে ট্যাগ করুন!

MARC

LEADER 00000nam a2200000 a 4500
001 UCX0106
003 CL-VaPUC
005 20240711170348.0
008 890811e19830000CL |||||||||||||||||spa|d
999 |c 221842  |d 221840 
040 |c Pontificia Universidad Católica de Valparaíso 
082 0 4 |a 370.01 VAL 1983  |2 21 
100 0 |a Valenzuela Fuenzalida, Alvaro  |9 315523 
245 1 0 |a San Agustín de Hipona: teoría y arte pedagógicas, una introducción y tres módulos de aprendizaje para alumnos de carreras de Pedagogía. 
250 |a Primera edición 
260 0 3 |a Valparaíso, Chile  |b Universitarias de Valparaíso  |c 1983 
300 |a 119 páginas 
490 0 |a Cuadernos U.C.V 
583 |a last modification  |c 20120606 03:51:47  |k Rodrigo Vera 
600 0 |a Agustín de Hipona  |c Santo  |d 354-430  |9 315524 
650 0 |a Filosofía de la educación   |9 258384 
650 0 |a Académicos   |x Pontificia Universidad Católica de Valparaíso (PUCV)  |9 255553 
650 0 |a Archivo histórico PUCV  |9 255554 
942 |c BK  |2 ddc 
945 |d 19890811 00:00:00 
952 |0 0  |1 0  |2 ddc  |4 0  |6 370_010000000000000_VAL_1983  |7 0  |8 A  |9 215786  |a BIBHIS  |b BIBHIS  |d 2019-11-15  |i 2843285  |o 370.01 VAL 1983  |p 2843285  |r 2025-01-20  |t 6  |w 2019-11-15  |y BK  |k HIS 
952 |0 0  |1 0  |2 ddc  |4 0  |6 370_010000000000000_VAL_1983  |7 0  |8 A  |9 215787  |a BIBTEO  |b BIBTEO  |d 2019-11-15  |i 2021056  |l 2  |o 370.01 VAL 1983  |p 2021056  |r 2025-01-17  |s 2022-11-11  |t 2  |w 2019-11-15  |y BK  |k ICR 
952 |0 0  |1 0  |2 ddc  |4 0  |6 370_010000000000000_VAL_1983  |7 0  |8 A  |9 215788  |a BIBTEO  |b BIBTEO  |d 2019-11-15  |i 2021064  |o 370.01 VAL 1983  |p 2021064  |r 2025-01-17  |t 3  |w 2019-11-15  |y BK  |k ICR 
952 |0 0  |1 0  |2 ddc  |4 0  |6 370_010000000000000_VAL_1983  |7 0  |8 A  |9 215789  |a BIBTEO  |b BIBTEO  |d 2019-11-15  |i 2021072  |o 370.01 VAL 1983  |p 2021072  |r 2025-01-17  |t 4  |w 2019-11-15  |y BK  |k ICR 
952 |0 0  |1 0  |2 ddc  |4 0  |6 370_010000000000000_VAL_1983  |7 0  |8 A  |9 215790  |a BIBTEO  |b BIBTEO  |d 2019-11-15  |i 2021080  |o 370.01 VAL 1983  |p 2021080  |r 2025-01-17  |t 5  |w 2019-11-15  |y BK  |k ICR 
952 |0 0  |1 2  |4 0  |6 370_010000000000000_VAL_1983  |7 0  |8 A  |9 215791  |a BIBTEO  |b BIBTEO  |d 2019-11-15  |i 2021099  |o 370.01 VAL 1983  |p 2021099  |r 2019-11-15  |w 2019-11-15  |x Descarte 2019  |y BK  |k ICR 
952 |0 0  |1 0  |2 ddc  |4 0  |6 370_010000000000000_VAL_1983  |7 0  |8 X  |9 215792  |a FDOBUD  |b FDOBUD  |d 2019-11-15  |i 1024167  |o 370.01 VAL 1983  |p 1024167  |r 2019-11-15  |t 1  |w 2019-11-15  |y BK_X  |k FHP